|
|
|
|
| LEADER |
00000nam0a2200000 4500 |
| 001 |
71761 |
| 005 |
20231031082908.0 |
| 010 |
|
|
|a 5949092694
|
| 029 |
1 |
0 |
|a RU
|b 015-94
|b ОК
|
| 035 |
|
|
|a (RuTPU)RU\TPU\book\76489
|
| 090 |
|
|
|a 71761
|
| 100 |
|
|
|a 20041223d2003 k y0rusy50 ca
|
| 101 |
0 |
|
|a rus
|
| 102 |
|
|
|a RU
|
| 105 |
|
|
|a y l 000zy
|
| 200 |
1 |
|
|a Общероссийский классификатор единиц измерения
|
| 210 |
|
|
|a Москва
|c Книга-Сервис
|d 2003
|
| 215 |
|
|
|a 30 с.
|
| 229 |
|
|
|a Введен в действие Постановлением Госстандарта России от 24.09.99 № 312-ст
|
| 610 |
1 |
|
|a общероссийские классификаторы
|
| 610 |
1 |
|
|a единицы измерения
|
| 610 |
1 |
|
|a международные единицы
|
| 610 |
1 |
|
|a национальные единицы
|
| 610 |
1 |
|
|a длина
|
| 610 |
1 |
|
|a площади
|
| 610 |
1 |
|
|a объемы
|
| 610 |
1 |
|
|a массы
|
| 610 |
1 |
|
|a время
|
| 610 |
1 |
|
|a технические единицы
|
| 610 |
1 |
|
|a экономические единицы
|
| 675 |
|
|
|a 53.08
|v 3
|
| 801 |
|
1 |
|a RU
|b 63413507
|c 20041223
|g PSBO
|
| 801 |
|
2 |
|a RU
|b 63413507
|c 20221205
|g PSBO
|
| 942 |
|
|
|c BK
|